00507 2200205 4500001002100000005001500021008004100036020001800077035001900095041000600114082001000120090001600130100002400146700002400170245002400194260003600218300002500254500000600279650001600285INLIS00000000000496620241224113018241224||||||||| | ||| |||| ||  a979-518-203-x 0010-1224004966 a00 a631.4 a631.4 SUT p0 aMul Mulyani Sutedjo0 aA. G. Kartasapoetra00aPengatar Ilmu Tanah aJakartabPt. Rineka ciptac2005 ax, 152 hlm.; 20,5 cm a4 0aPengetahuan